[Event "Titled Tuesday intern op 30th Apr Early"]
[Site "Chess.com INT"]
[Date "2024.04.30"]
[Round "5"]
[White "Panarin, Mikhail"]
[Black "Shandrygin, Nikita"]
[Result "0-1"]
[WhiteElo "2562"]
[BlackElo "2209"]
[PlyCount "126"]
[EventDate "2024.04.30"]
[EventType "swiss (blitz)"]
[EventRounds "11"]
[EventCountry "USA"]
[SourceTitle "CB19_2024"]
[SourceDate "2024.05.08"]
[SourceVersion "1"]
[SourceVersionDate "2024.05.08"]
[SourceQuality "1"]

1. e4 c5 2. Nf3 e6 3. d4 cxd4 4. Nxd4 Nf6 5. Nc3 Nc6 6. a3 Be7 7. f4 d6 8. Be3 a6 9. Be2 Qc7 10. g4 Nd7 11. g5 b5 12. Nxc6 Qxc6 13. Qd4 e5 14. Qd2 Bb7 15. Nd5 Nc5 16. Nxe7 Kxe7 17. fxe5 dxe5 18. Qb4 Rac8 19. Rd1 Rhd8 20. 0-0 Rxd1 21. Rxd1 Ke8 22. Rd5 Ne6 23. c3 Qc7 24. Rd6 Rd8 25. Rxd8+ Nxd8 26. a4 bxa4 27. Qxa4+ Qc6 28. Qxc6+ Nxc6 29. Bc5 Nd8 30. Kf2 Ne6 31. Be3 Ke7 32. b4 Kd6 33. h4 f6 34. gxf6 gxf6 35. Bd3 Nc7 36. c4 Ne6 37. Kg3 Kd7 38. Kg4 Ke7 39. Kh5 Kf7 40. Kg4 Kg6 41. h5+ Kf7 42. c5 Bc8 43. Kf3 Ke7 44. Ke2 Nc7 45. Bc4 Be6 46. Kd3 Bxc4+ 47. Kxc4 Kd7 48. Bh6 Ne6 49. b5 axb5+ 50. Kxb5 Nd4+ 51. Kc4 f5 52. exf5 Nxf5 53. Bg5 Ng3 54. Kd5 Nxh5 55. Kxe5 Kc8 56. Kd6 Ng7 57. Ke5 Ne8 58. Be7 Nc7 59. Bd6 Na6 60. c6 Nb8 61. Bxb8 Kxb8 62. Kd6 Kc8 63. Ke5 h5 0-1

[Event "Titled Tuesday intern op 30th Apr Early"]
[Site "Chess.com INT"]
[Date "2024.04.30"]
[Round "3"]
[White "Panarin, Mikhail"]
[Black "Vardanyan, Aras"]
[Result "1-0"]
[WhiteElo "2562"]
[BlackElo "2330"]
[PlyCount "79"]
[EventDate "2024.04.30"]
[EventType "swiss (blitz)"]
[EventRounds "11"]
[EventCountry "USA"]
[SourceTitle "CB19_2024"]
[SourceDate "2024.05.08"]
[SourceVersion "1"]
[SourceVersionDate "2024.05.08"]
[SourceQuality "1"]

1. e4 c5 2. Nf3 d6 3. d4 cxd4 4. Nxd4 Nf6 5. f3 e5 6. Nb3 a5 7. Bb5+ Nc6 8. Nc3 Be7 9. Be3 0-0 10. Qd2 Be6 11. Rd1 Nb4 12. a3 d5 13. axb4 d4 14. Nxd4 exd4 15. Qxd4 axb4 16. Ne2 Qa5 17. Qb6 b3+ 18. c3 Qa2 19. Nf4 Bc8 20. Bc4 Qxb2 21. Qxb3 Qxb3 22. Bxb3 Ra3 23. Rb1 g5 24. Ne2 Nd7 25. Kf2 Nc5 26. Bc2 Be6 27. Rb2 Rfa8 28. Rhb1 Ra2 29. Nd4 R8a3 30. Nxe6 fxe6 31. Bd4 Kf7 32. Kg3 h5 33. h4 gxh4+ 34. Kh3 b6 35. e5 Rxb2 36. Rxb2 Ra1 37. Bb1 Na4 38. Rb3 Bc5 39. Kxh4 Bxd4 40. cxd4 1-0

[Event "Titled Tuesday intern op 20th Sep Late"]
[Site "Chess.com INT"]
[Date "2022.09.20"]
[Round "11"]
[White "Panarin, Mikhail"]
[Black "Fernandez de La Vara, Arnaldo"]
[Result "0-1"]
[WhiteElo "2562"]
[BlackElo "2462"]
[PlyCount "58"]
[EventDate "2022.09.20"]
[EventType "swiss (blitz)"]
[EventRounds "11"]
[EventCountry "USA"]
[SourceTitle "EXT 2023"]
[Source "ChessBase"]
[SourceDate "2022.10.05"]
[SourceVersion "1"]
[SourceVersionDate "2022.10.05"]
[SourceQuality "1"]

1. e4 c5 2. Nf3 e6 3. d4 cxd4 4. Nxd4 a6 5. Nc3 Qc7 6. Bd3 Nf6 7. Qe2 d6 8. 0-0 Nbd7 9. Bd2 b5 10. a4 b4 11. Na2 d5 12. Bxb4 dxe4 13. Bxe4 Nxe4 14. Qxe4 Bb7 15. Nxe6 fxe6 16. Qxe6+ Kd8 17. Rad1 a5 18. Bxf8 Rxf8 19. Rfe1 Qc6 20. Qh3 Kc7 21. Nc3 Rae8 22. Nb5+ Kb6 23. Re3 Qxc2 24. Re6+ Rxe6 25. Qxe6+ Bc6 26. Qe3+ Qc5 27. Nd4 Bxa4 28. Rc1 Re8 29. Qxe8 Qxc1+ 0-1

[Event "Titled Tuesday intern op 20th Sep Late"]
[Site "Chess.com INT"]
[Date "2022.09.20"]
[Round "2"]
[White "Panarin, Mikhail"]
[Black "Garcia Garcia, Alejandro"]
[Result "1-0"]
[WhiteElo "2562"]
[BlackElo "2299"]
[PlyCount "103"]
[EventDate "2022.09.20"]
[EventType "swiss (blitz)"]
[EventRounds "11"]
[EventCountry "USA"]
[SourceTitle "EXT 2023"]
[Source "ChessBase"]
[SourceDate "2022.10.05"]
[SourceVersion "1"]
[SourceVersionDate "2022.10.05"]
[SourceQuality "1"]

1. e4 c5 2. Nf3 e6 3. d4 cxd4 4. Nxd4 Nf6 5. Nc3 Nc6 6. a3 Be7 7. Be3 0-0 8. Be2 d5 9. exd5 Nxd5 10. Nxd5 Qxd5 11. Bf3 Qa5+ 12. c3 Ne5 13. Be2 Rd8 14. 0-0 Qc7 15. Qb3 a6 16. a4 b6 17. Nf3 Rb8 18. Nxe5 Qxe5 19. Bf3 Bb7 20. Bxb7 Rxb7 21. Rfd1 Qc7 22. Rxd8+ Bxd8 23. Rd1 b5 24. axb5 Rxb5 25. Qa4 h6 26. b4 Rd5 27. Rxd5 exd5 28. Bd4 Qd6 29. Qe8+ Kh7 30. Qxf7 Qg6 31. Qxg6+ Kxg6 32. Kf1 Bc7 33. h3 Kf7 34. Ke2 g6 35. g4 Ke6 36. Ke3 Bh2 37. f4 Bg1+ 38. Kf3 Bh2 39. Be3 g5 40. fxg5 Be5 41. Bd4 hxg5 42. Bxe5 Kxe5 43. Kg3 d4 44. cxd4+ Kxd4 45. h4 gxh4+ 46. Kxh4 Kc4 47. g5 Kxb4 48. g6 a5 49. g7 a4 50. g8Q Ka3 51. Qc4 Kb2 52. Qxa4 1-0

[Event "Titled Tuesday intern op 20th Sep Late"]
[Site "Chess.com INT"]
[Date "2022.09.20"]
[Round "3"]
[White "Panarin, Mikhail"]
[Black "Naroditsky, Daniel"]
[Result "1-0"]
[WhiteElo "2562"]
[BlackElo "2617"]
[PlyCount "159"]
[EventDate "2022.09.20"]
[EventType "swiss (blitz)"]
[EventRounds "11"]
[EventCountry "USA"]
[SourceTitle "EXT 2023"]
[Source "ChessBase"]
[SourceDate "2022.10.05"]
[SourceVersion "1"]
[SourceVersionDate "2022.10.05"]
[SourceQuality "1"]

1. e4 e5 2. Nf3 Nc6 3. Bb5 f5 4. Nc3 fxe4 5. Nxe4 Nf6 6. Nxf6+ Qxf6 7. Qe2 Be7 8. Bxc6 bxc6 9. d4 exd4 10. Bg5 Qf7 11. 0-0-0 Qe6 12. Qxe6 dxe6 13. Bxe7 Kxe7 14. Nxd4 c5 15. Nb5 a6 16. Nc3 Bb7 17. f3 Bc6 18. Rhe1 Rad8 19. Rxd8 Rxd8 20. Re5 Kd6 21. Rg5 g6 22. Kd2 Rf8 23. Ke3 e5 24. Rg4 Rb8 25. b3 Rb4 26. Ne4+ Bxe4 27. Rxe4 Rd4 28. c3 Rd1 29. Ra4 Rg1 30. Rxa6+ c6 31. Kf2 Rc1 32. c4 h5 33. h4 Rc2+ 34. Kg3 Rc3 35. Ra8 e4 36. Kf4 e3 37. Re8 Rc2 38. g3 e2 39. a4 Rb2 40. a5 Kd7 41. Re4 Kc7 42. g4 Kb7 43. gxh5 gxh5 44. Kg5 Ka6 45. f4 Kxa5 46. f5 Kb4 47. Re3 Rxb3 48. Rxe2 Kxc4 49. f6 Rg3+ 50. Kxh5 Rf3 51. Kg5 Kd5 52. h5 Rg3+ 53. Kf4 Rg1 54. h6 Rf1+ 55. Kg5 Rg1+ 56. Kf5 Rf1+ 57. Kg6 Rg1+ 58. Kf7 Rh1 59. Kg7 Rg1+ 60. Kh8 Rf1 61. h7 Kd6 62. Kg7 Rg1+ 63. Kf7 Rh1 64. Kg6 Rg1+ 65. Kf7 Rh1 66. Kg8 Rg1+ 67. Kh8 Rf1 68. f7 Kd7 69. Kg7 Rg1+ 70. Kf8 Rh1 71. Rd2+ Kc7 72. Ke7 Re1+ 73. Kf6 Rf1+ 74. Kg6 Rg1+ 75. Kf5 Rh1 76. Ke4 Rh4+ 77. Kf3 Rh1 78. Kg2 Rxh7 79. f8Q Kb6 80. Rb2+ 1-0

[Event "Titled Tuesday intern op 20th Sep Late"]
[Site "Chess.com INT"]
[Date "2022.09.20"]
[Round "1"]
[White "Sivakumar, Shaaketh"]
[Black "Panarin, Mikhail"]
[Result "0-1"]
[WhiteElo "2255"]
[BlackElo "2562"]
[PlyCount "44"]
[EventDate "2022.09.20"]
[EventType "swiss (blitz)"]
[EventRounds "11"]
[EventCountry "USA"]
[SourceTitle "EXT 2023"]
[Source "ChessBase"]
[SourceDate "2022.10.05"]
[SourceVersion "1"]
[SourceVersionDate "2022.10.05"]
[SourceQuality "1"]

1. e4 c5 2. Nf3 e6 3. g3 Nc6 4. Bg2 Nf6 5. Qe2 e5 6. c3 Be7 7. 0-0 0-0 8. Rd1 d5 9. d3 h6 10. exd5 Qxd5 11. Na3 Rd8 12. h3 e4 13. Ne1 Bf5 14. Bxh6 gxh6 15. dxe4 Qe6 16. Nb5 Rxd1 17. Rxd1 Rc8 18. Nd3 Bxe4 19. Nf4 Qf5 20. f3 Bc2 21. Nd6 Bxd1 22. Nxf5 Bxe2 0-1

[Event "Malaya Zemlya Blitz op"]
[Site "Novorossiysk"]
[Date "2021.07.09"]
[Round "4"]
[White "Gabitov, Ruslan"]
[Black "Panarin, Mikhail"]
[Result "1/2-1/2"]
[WhiteElo "2150"]
[BlackElo "2562"]
[PlyCount "29"]
[EventDate "2021.07.09"]
[EventType "swiss (blitz)"]
[EventRounds "13"]
[EventCountry "RUS"]
[SourceTitle "CBM 203 Extra"]
[Source "ChessBase"]
[SourceDate "2021.09.30"]
[SourceVersion "1"]
[SourceVersionDate "2021.09.30"]
[SourceQuality "1"]

1. g3 c5 2. Bg2 g6 3. c4 Bg7 4. Nf3 Nc6 5. 0-0 d6 6. Nc3 Nf6 7. a3 Bd7 8. Rb1 Qc8 9. b4 cxb4 10. axb4 Bh3 11. b5 Nd8 12. d3 h5 13. Bxh3 Qxh3 14. Ng5 Qd7 15. h4 1/2-1/2

[Event "Malaya Zemlya Blitz op"]
[Site "Novorossiysk"]
[Date "2021.07.09"]
[Round "6"]
[White "Moiseenko, Vadim"]
[Black "Panarin, Mikhail"]
[Result "1-0"]
[WhiteElo "2541"]
[BlackElo "2562"]
[PlyCount "107"]
[EventDate "2021.07.09"]
[EventType "swiss (blitz)"]
[EventRounds "13"]
[EventCountry "RUS"]
[SourceTitle "CBM 203 Extra"]
[Source "ChessBase"]
[SourceDate "2021.09.30"]
[SourceVersion "1"]
[SourceVersionDate "2021.09.30"]
[SourceQuality "1"]

1. e4 c5 2. Nf3 e6 3. c3 d5 4. exd5 Qxd5 5. Na3 Nf6 6. d4 Nc6 7. Nb5 Qd8 8. dxc5 Bxc5 9. Qxd8+ Kxd8 10. Be3 Bxe3 11. fxe3 Ke7 12. Nbd4 Bd7 13. Rd1 Ng4 14. Ke2 e5 15. Nb3 Be6 16. Nfd2 Rad8 17. h3 Nf6 18. g4 h5 19. g5 Nh7 20. Rg1 Nf8 21. Bg2 Ng6 22. Nc5 Bc8 23. Nc4 b6 24. Nd3 Ba6 25. Bxc6 Bxc4 26. b3 Be6 27. Bg2 h4 28. Nb4 Rxd1 29. Nc6+ Kd6 30. Rxd1+ Kc7 31. Nxa7 Bd7 32. a4 Rh5 33. Nb5+ Bxb5+ 34. axb5 Rxg5 35. Bc6 Nf8 36. Ra1 Kd6 37. Rd1+ Kc7 38. c4 f5 39. b4 e4 40. Kf2 Rg3 41. c5 Rf3+ 42. Kg2 Rg3+ 43. Kh2 Rxe3 44. Ra1 Re2+ 45. Kg1 bxc5 46. bxc5 Rc2 47. Ra7+ Kd8 48. b6 Rxc5 49. Ra8+ Ke7 50. b7 Rc1+ 51. Kf2 Rc2+ 52. Ke3 Rc3+ 53. Ke2 Rb3 54. Re8+ 1-0

[Event "Malaya Zemlya Blitz op"]
[Site "Novorossiysk"]
[Date "2021.07.09"]
[Round "13"]
[White "Panarin, Mikhail"]
[Black "Demidov, Mikhail"]
[Result "0-1"]
[WhiteElo "2562"]
[BlackElo "2530"]
[PlyCount "92"]
[EventDate "2021.07.09"]
[EventType "swiss (blitz)"]
[EventRounds "13"]
[EventCountry "RUS"]
[SourceTitle "CBM 203 Extra"]
[Source "ChessBase"]
[SourceDate "2021.09.30"]
[SourceVersion "1"]
[SourceVersionDate "2021.09.30"]
[SourceQuality "1"]

1. e4 e6 2. d4 d5 3. Nd2 dxe4 4. Nxe4 Bd7 5. c4 Bc6 6. Nc3 Nf6 7. Nf3 Bxf3 8. Qxf3 c6 9. Be3 Nbd7 10. 0-0-0 Bb4 11. Ne4 Nxe4 12. Qxe4 Nf6 13. Qf3 Qa5 14. Kb1 Rd8 15. g4 h5 16. g5 Ng8 17. g6 Qf5+ 18. Qxf5 exf5 19. gxf7+ Kxf7 20. d5 b6 21. Bh3 cxd5 22. Bxf5 Ne7 23. Bd3 Bc5 24. Bxc5 bxc5 25. cxd5 Kf6 26. Bc4 Nf5 27. Rhe1 Rhe8 28. Kc2 g5 29. Kc3 g4 30. b4 cxb4+ 31. Kxb4 Rb8+ 32. Ka5 Rec8 33. Re6+ Kg5 34. Rc6 Rd8 35. Rd2 Nd6 36. Bd3 Kf4 37. Ka6 Rd7 38. Re2 Rb4 39. Ka5 Rd4 40. Bg6 Rxd5+ 41. Ka4 Rb7 42. Re6 Nb5 43. Rf6+ Kg5 44. Ra6 Nc3+ 45. Ka3 Rd2 46. Rfc6 Rxa2# 0-1

[Event "Malaya Zemlya Blitz op"]
[Site "Novorossiysk"]
[Date "2021.07.09"]
[Round "5"]
[White "Panarin, Mikhail"]
[Black "Nazaretyan, Tigran"]
[Result "1-0"]
[WhiteElo "2562"]
[BlackElo "2316"]
[PlyCount "151"]
[EventDate "2021.07.09"]
[EventType "swiss (blitz)"]
[EventRounds "13"]
[EventCountry "RUS"]
[SourceTitle "CBM 203 Extra"]
[Source "ChessBase"]
[SourceDate "2021.09.30"]
[SourceVersion "1"]
[SourceVersionDate "2021.09.30"]
[SourceQuality "1"]

1. e4 c5 2. Nf3 Nc6 3. d4 cxd4 4. Nxd4 Nf6 5. Nc3 d6 6. f3 e5 7. Nb3 Be7 8. Be3 0-0 9. Qd2 a5 10. Bb5 Be6 11. Rd1 Na7 12. Bd3 Nc8 13. 0-0 a4 14. Nc1 a3 15. b3 Nb6 16. Qf2 Nbd7 17. N1e2 Qa5 18. Kh1 Rac8 19. Bd2 Qc5 20. Nb5 Qxf2 21. Rxf2 d5 22. exd5 Nxd5 23. c4 Nb4 24. Bb1 Rfd8 25. Rff1 Nb8 26. Bc1 N4c6 27. Bxa3 Bxa3 28. Nxa3 Na6 29. Nb5 Nc5 30. Kg1 f5 31. Kf2 g6 32. Rfe1 Kg7 33. Nec3 Nb4 34. Ke2 Kf6 35. Rxd8 Rxd8 36. Rd1 Rxd1 37. Kxd1 h5 38. a3 Nc6 39. b4 Nd7 40. c5 b6 41. cxb6 Nxb6 42. Bd3 g5 43. Kd2 h4 44. Nd1 Bb3 45. Ne3 Be6 46. Nd6 Nd4 47. h3 Nb3+ 48. Kc3 Na4+ 49. Kc2 Nd4+ 50. Kd2 Nb3+ 51. Ke1 Nd4 52. Ndc4 Nc3 53. Kd2 Na4 54. Na5 Nb3+ 55. Nxb3 Bxb3 56. Bxf5 Nb6 57. Bc2 Be6 58. a4 Ke7 59. a5 Nc8 60. Kc3 Kd6 61. Bd3 Kc6 62. Bc4 Bd7 63. Bd5+ Kc7 64. Nc4 Ne7 65. Be4 Bb5 66. Nxe5 Bf1 67. Nf7 Bxg2 68. Nxg5 Nc8 69. b5 Nd6 70. b6+ Kd7 71. a6 Bf1 72. a7 Nb5+ 73. Kd2 Na3 74. a8Q Nc4+ 75. Ke1 Nxb6 76. Qb7+ 1-0

[Event "Malaya Zemlya Blitz op"]
[Site "Novorossiysk"]
[Date "2021.07.09"]
[Round "10"]
[White "Panarin, Mikhail"]
[Black "Rozum, Ivan"]
[Result "1-0"]
[WhiteElo "2562"]
[BlackElo "2542"]
[PlyCount "61"]
[EventDate "2021.07.09"]
[EventType "swiss (blitz)"]
[EventRounds "13"]
[EventCountry "RUS"]
[SourceTitle "CBM 203 Extra"]
[Source "ChessBase"]
[SourceDate "2021.09.30"]
[SourceVersion "1"]
[SourceVersionDate "2021.09.30"]
[SourceQuality "1"]

1. e4 c6 2. d4 d5 3. Nd2 dxe4 4. Nxe4 Bf5 5. Ng3 Bg6 6. h4 h6 7. Nf3 Nd7 8. h5 Bh7 9. Bd3 Bxd3 10. Qxd3 e6 11. Bd2 Ngf6 12. 0-0-0 Be7 13. Kb1 Qb6 14. c4 Rd8 15. Nh4 0-0 16. Ngf5 exf5 17. Nxf5 Rfe8 18. Qg3 Bf8 19. Nxh6+ Kh7 20. Nxf7 Qxd4 21. Qg6+ Kg8 22. Nxd8 Ne5 23. Qf5 Rxd8 24. Bc3 Qxd1+ 25. Rxd1 Rxd1+ 26. Kc2 Rf1 27. Bxe5 Bc5 28. Bg3 Bd4 29. h6 c5 30. Qg6 Nh7 31. Qe6+ 1-0

[Event "Chess.com Bullet op1"]
[Site "Chess.com INT"]
[Date "2020.12.19"]
[Round "9"]
[White "Narayanan, Sunilduth Lyna"]
[Black "Panarin, Mikhail"]
[Result "1-0"]
[WhiteElo "2618"]
[BlackElo "2562"]
[PlyCount "111"]
[EventDate "2020.12.19"]
[EventType "swiss (blitz)"]
[EventRounds "21"]
[EventCountry "USA"]
[SourceTitle "EXT 2022"]
[Source "ChessBase"]
[SourceDate "2021.10.06"]
[SourceVersion "1"]
[SourceVersionDate "2021.10.06"]
[SourceQuality "1"]

1. e4 Nf6 2. e5 Nd5 3. Nf3 d6 4. Bc4 Nb6 5. Bb3 Nc6 6. e6 Bxe6 7. Bxe6 fxe6 8. d4 g6 9. 0-0 Bg7 10. a4 a5 11. Nc3 0-0 12. Qe2 e5 13. dxe5 Nxe5 14. Nxe5 Bxe5 15. Be3 Qd7 16. Bxb6 cxb6 17. Nd5 Qd8 18. c3 e6 19. Ne3 d5 20. Ng4 Bg7 21. Qxe6+ Kh8 22. Rae1 d4 23. Ne5 dxc3 24. bxc3 Qe8 25. Qd5 Rd8 26. Qe4 Qxe5 27. Qxe5 Bxe5 28. Rxe5 Rd3 29. Re6 Rxc3 30. Rxb6 Rf7 31. Rb5 b6 32. Rxb6 Ra3 33. Ra6 Rxa4 34. g3 Ra2 35. h4 Kg7 36. Kg2 a4 37. g4 h6 38. Kg3 Ra3+ 39. f3 g5 40. hxg5 hxg5 41. Rf2 Rf6 42. Ra5 Kg6 43. Ra8 Rf7 44. Rg8+ Rg7 45. Rb8 Rf7 46. Rb6+ Rf6 47. Rb5 Rf7 48. Ra5 Rf6 49. Kg2 Rf7 50. Re2 Rf6 51. Ree5 Raxf3 52. Rxg5+ Kf7 53. Ra7+ Ke6 54. Ra6+ Kd7 55. Rg7+ Rf7 56. Rxf7+ 1-0

[Event "Chess.com Bullet op1"]
[Site "Chess.com INT"]
[Date "2020.12.19"]
[Round "7"]
[White "Panarin, Mikhail"]
[Black "Praggnanandhaa, Rameshbabu"]
[Result "1-0"]
[WhiteElo "2562"]
[BlackElo "2608"]
[PlyCount "149"]
[EventDate "2020.12.19"]
[EventType "swiss (blitz)"]
[EventRounds "21"]
[EventCountry "USA"]
[SourceTitle "EXT 2022"]
[Source "ChessBase"]
[SourceDate "2021.10.06"]
[SourceVersion "1"]
[SourceVersionDate "2021.10.06"]
[SourceQuality "1"]

1. e4 c6 2. d4 d5 3. Nd2 dxe4 4. Nxe4 Nf6 5. Nxf6+ exf6 6. c3 Bd6 7. Bd3 0-0 8. Qc2 Re8+ 9. Ne2 h5 10. 0-0 Nd7 11. Re1 h4 12. Bf4 Qc7 13. Bxd6 Qxd6 14. Bh7+ Kf8 15. Bf5 Nb6 16. Bxc8 Raxc8 17. Qh7 Re6 18. Qh8+ Ke7 19. Qxh4 Nd5 20. Ng3 Qf4 21. Qxf4 Nxf4 22. Nf5+ Kf8 23. Rxe6 fxe6 24. Nd6 Rc7 25. g3 Rd7 26. Ne4 Nd3 27. Rb1 f5 28. Ng5 e5 29. Kf1 e4 30. Ke2 Ke7 31. f3 Kf6 32. h4 c5 33. fxe4 c4 34. b3 fxe4 35. bxc4 Re7 36. Nxe4+ Rxe4+ 37. Kxd3 Re7 38. Rf1+ Kg6 39. Rf4 Kh5 40. Rf5+ Kg4 41. Rg5+ Kf3 42. c5 b5 43. cxb6 axb6 44. a4 Ra7 45. Rb5 Rxa4 46. Rxb6 Kxg3 47. Rg6+ Kxh4 48. Rxg7 Kh5 49. Re7 Kh6 50. Re5 Kg6 51. c4 Kf6 52. c5 Ra3+ 53. Ke4 Ra1 54. Kd5 Rc1 55. Re6+ Kf5 56. Re3 Ra1 57. c6 Ra5+ 58. Kd6 Ra4 59. Re5+ Kf4 60. d5 Rc4 61. Re6 Rc5 62. c7 Rc4 63. Re8 Kf5 64. c8Q+ Rxc8 65. Rxc8 Ke4 66. Re8+ Kd4 67. Re6 Kc3 68. Ke7 Kc4 69. d6 Kb5 70. d7 Kc4 71. d8Q Kb3 72. Qd7 Kb2 73. Rc6 Ka2 74. Qb7 Ka1 75. Ra6# 1-0

[Event "Chess.com Bullet op1"]
[Site "Chess.com INT"]
[Date "2020.12.19"]
[Round "13"]
[White "Sevian, Samuel"]
[Black "Panarin, Mikhail"]
[Result "1-0"]
[WhiteElo "2660"]
[BlackElo "2562"]
[PlyCount "65"]
[EventDate "2020.12.19"]
[EventType "swiss (blitz)"]
[EventRounds "21"]
[EventCountry "USA"]
[SourceTitle "EXT 2022"]
[Source "ChessBase"]
[SourceDate "2021.10.06"]
[SourceVersion "1"]
[SourceVersionDate "2021.10.06"]
[SourceQuality "1"]

1. e4 Nf6 2. e5 Nd5 3. Nc3 Nb6 4. d4 d6 5. Nf3 Bg4 6. Bf4 Nc6 7. e6 fxe6 8. h3 Bxf3 9. Qxf3 Nxd4 10. Qd3 e5 11. Be3 Qd7 12. 0-0-0 0-0-0 13. h4 g6 14. g3 Kb8 15. Bh3 Qc6 16. Rhe1 Bg7 17. Kb1 Nc4 18. Bc1 a6 19. b3 Nb6 20. Bb2 d5 21. Bg2 e4 22. Qd2 e6 23. Ne2 e5 24. Nxd4 exd4 25. Bxd4 Bxd4 26. Qxd4 Rhf8 27. a4 Qf6 28. Qxf6 Rxf6 29. Bxe4 Rxf2 30. a5 Re8 31. axb6 Rxe4 32. Rxe4 dxe4 33. Rd8# 1-0

[Event "Chess.com Bullet op1"]
[Site "Chess.com INT"]
[Date "2020.12.19"]
[Round "6"]
[White "Vusatiuk, Vladimir"]
[Black "Panarin, Mikhail"]
[Result "0-1"]
[WhiteElo "2323"]
[BlackElo "2562"]
[PlyCount "126"]
[EventDate "2020.12.19"]
[EventType "swiss (blitz)"]
[EventRounds "21"]
[EventCountry "USA"]
[SourceTitle "EXT 2022"]
[Source "ChessBase"]
[SourceDate "2021.10.06"]
[SourceVersion "1"]
[SourceVersionDate "2021.10.06"]
[SourceQuality "1"]

1. b3 Nf6 2. Bb2 d6 3. e3 e5 4. Nf3 g6 5. d4 e4 6. Nfd2 Bg7 7. c4 Qe7 8. Nc3 0-0 9. Qc2 Re8 10. Be2 c5 11. dxc5 dxc5 12. 0-0-0 h5 13. Kb1 Nc6 14. a3 Bf5 15. Nf1 h4 16. g3 Rad8 17. gxh4 Rxd1+ 18. Bxd1 Rd8 19. Ng3 Ne5 20. Nxf5 gxf5 21. Be2 Nd3 22. Bxd3 exd3 23. Qd1 Ne4 24. Nxe4 fxe4 25. Qd2 Bxb2 26. Kxb2 Qe5+ 27. Qc3 Qxc3+ 28. Kxc3 f5 29. Kd2 Kf7 30. Rg1 Rg8 31. Rf1 Rg4 32. b4 b6 33. bxc5 bxc5 34. Rb1 Rg2 35. Rb7+ Kf6 36. Ke1 Rg1+ 37. Kd2 Rf1 38. Rxa7 Rxf2+ 39. Kd1 Rxh2 40. Ra6+ Ke5 41. Rc6 Rh1+ 42. Kd2 Rh2+ 43. Kd1 Rxh4 44. Rxc5+ Kf6 45. Rc6+ Kg5 46. Kd2 Rh1 47. Kc3 Ra1 48. Rd6 Rxa3+ 49. Kb2 Ra8 50. c5 Rb8+ 51. Kc3 Rc8 52. c6 f4 53. exf4+ Kxf4 54. Rf6+ Ke3 55. Rd6 d2 56. Rxd2 Rxc6+ 57. Kb2 Kxd2 58. Kb3 e3 59. Kb4 e2 60. Kb5 Rc2 61. Kb4 e1Q 62. Kb3 Qb1+ 63. Ka3 Ra2# 0-1

[Event "Titled Tuesday intern op 27th Oct"]
[Site "Chess.com INT"]
[Date "2020.10.27"]
[Round "3"]
[White "Costachi, Mihnea"]
[Black "Panarin, Mikhail"]
[Result "0-1"]
[WhiteElo "2471"]
[BlackElo "2562"]
[PlyCount "114"]
[EventDate "2020.10.27"]
[EventType "swiss (blitz)"]
[EventRounds "11"]
[EventCountry "USA"]
[SourceTitle "CBM 199 Extra"]
[Source "ChessBase"]
[SourceDate "2021.01.31"]
[SourceVersion "1"]
[SourceVersionDate "2021.01.31"]
[SourceQuality "1"]

1. d4 Nf6 2. c4 c5 3. d5 e6 4. Nc3 exd5 5. cxd5 d6 6. Nf3 g6 7. Nd2 Bg7 8. e4 0-0 9. Be2 Re8 10. 0-0 Nbd7 11. h3 a6 12. a4 g5 13. Nc4 Nxe4 14. Nxe4 Rxe4 15. Nxd6 Rd4 16. Qc2 Nb6 17. Nxc8 Rxc8 18. Be3 Rb4 19. Qf5 Qxd5 20. Bg4 Qxf5 21. Bxf5 Rc7 22. Bxg5 Bxb2 23. a5 Nd5 24. Rad1 Bd4 25. Rde1 Kg7 26. Re8 Bf6 27. Bd2 Rd4 28. Bc1 c4 29. g3 c3 30. h4 h6 31. Rfe1 c2 32. Kg2 Rd1 33. Bg4 Rxc1 34. Rxc1 Bb2 35. Ree1 Bxc1 36. Rxc1 Nb4 37. Bf5 Rc5 38. Be4 f5 39. Bxc2 Rxc2 40. Rb1 Rc4 41. Kf3 Kf6 42. Ke3 Ke5 43. Rb3 Nd5+ 44. Kd3 Rb4 45. Ra3 Rb5 46. Kc4 Kd6 47. f3 h5 48. Ra4 b6 49. Ra2 Rxa5 50. Rd2 Ra4+ 51. Kb3 Rb4+ 52. Ka3 a5 53. g4 fxg4 54. fxg4 Rxg4 55. Rc2 b5 56. Rd2 Rxh4 57. Rd4 Rxd4 0-1

[Event "Titled Tuesday intern op 06th Oct"]
[Site "Chess.com INT"]
[Date "2020.10.06"]
[Round "6"]
[White "Hua, Lefong"]
[Black "Panarin, Mikhail"]
[Result "0-1"]
[WhiteElo "2305"]
[BlackElo "2562"]
[PlyCount "70"]
[EventDate "2020.10.06"]
[EventType "swiss (blitz)"]
[EventRounds "10"]
[EventCountry "USA"]
[SourceTitle "CBM 198 Extra"]
[Source "ChessBase"]
[SourceDate "2020.11.30"]
[SourceVersion "1"]
[SourceVersionDate "2020.11.30"]
[SourceQuality "1"]

1. d4 Nf6 2. c4 c5 3. d5 e6 4. Nc3 exd5 5. cxd5 d6 6. e4 g6 7. f4 Bg7 8. Nf3 0-0 9. Be2 b5 10. e5 Nfd7 11. e6 fxe6 12. dxe6 Nb6 13. Bxb5 Bxe6 14. 0-0 Kh8 15. Ng5 Bg8 16. Qf3 d5 17. Bd3 c4 18. Bc2 Nc6 19. Be3 Nb4 20. Bxg6 Qxg5 21. fxg5 Rxf3 22. Rxf3 hxg6 23. Rh3+ Bh7 24. Rd1 Rd8 25. Ne4 Nd7 26. Bxa7 Nd3 27. Nd6 Kg8 28. b3 N7e5 29. Nb5 Rd7 30. Bd4 Ng4 31. Bxg7 Kxg7 32. bxc4 dxc4 33. Na3 Bg8 34. Rh4 Nge5 35. Re4 Ra7 0-1

[Event "Titled Tuesday intern op 06th Oct"]
[Site "Chess.com INT"]
[Date "2020.10.06"]
[Round "10"]
[White "Maghsoodloo, Parham"]
[Black "Panarin, Mikhail"]
[Result "1-0"]
[WhiteElo "2676"]
[BlackElo "2562"]
[PlyCount "52"]
[EventDate "2020.10.06"]
[EventType "swiss (blitz)"]
[EventRounds "10"]
[EventCountry "USA"]
[SourceTitle "CBM 198 Extra"]
[Source "ChessBase"]
[SourceDate "2020.11.30"]
[SourceVersion "1"]
[SourceVersionDate "2020.11.30"]
[SourceQuality "1"]

1. d4 Nf6 2. c4 c5 3. d5 e6 4. Nc3 exd5 5. cxd5 d6 6. e4 g6 7. Nf3 Bg7 8. Bg5 h6 9. Bh4 0-0 10. Nd2 Re8 11. Bb5 Bd7 12. Bxd7 Nbxd7 13. 0-0 a6 14. a4 Rc8 15. Nc4 g5 16. Bg3 Nxe4 17. Nxe4 Rxe4 18. Nxd6 Rd4 19. Qf3 Nf6 20. Nxc8 Qxc8 21. d6 Ne4 22. Rfd1 f5 23. Rxd4 Bxd4 24. Qb3+ c4 25. Rc1 Nd2 26. Qc2 f4 1-0

[Event "Titled Tuesday intern op 06th Oct"]
[Site "Chess.com INT"]
[Date "2020.10.06"]
[Round "3"]
[White "Panarin, Mikhail"]
[Black "Sevian, Samuel"]
[Result "1/2-1/2"]
[WhiteElo "2562"]
[BlackElo "2660"]
[PlyCount "62"]
[EventDate "2020.10.06"]
[EventType "swiss (blitz)"]
[EventRounds "10"]
[EventCountry "USA"]
[SourceTitle "CBM 198 Extra"]
[Source "ChessBase"]
[SourceDate "2020.11.30"]
[SourceVersion "1"]
[SourceVersionDate "2020.11.30"]
[SourceQuality "1"]

1. e4 c5 2. Nf3 e6 3. d4 cxd4 4. Nxd4 Nc6 5. Nc3 a6 6. Be2 Nf6 7. a3 d6 8. Be3 Be7 9. f4 0-0 10. g4 Nxd4 11. Qxd4 b5 12. g5 Nd7 13. 0-0-0 Bb7 14. h4 Rc8 15. Kb1 Qa5 16. h5 Rxc3 17. Bd2 e5 18. fxe5 b4 19. exd6 Bxg5 20. axb4 Qa4 21. Bxc3 Bf6 22. Qd3 Ne5 23. Qe3 Bc8 24. b3 Qa3 25. Rhf1 Be6 26. Rxf6 Bxb3 27. cxb3 Qxb3+ 28. Ka1 Qa3+ 29. Kb1 Qb3+ 30. Ka1 Qa3+ 31. Kb1 Qb3+ 1/2-1/2